00298nam a2200109Ia 4500008004100000100002500041245004700066260004400113300000900157942000700166999001500173190216s9999||||xx |||||||||||||| ||und|| aPunithavathy Pandian 0aSecurity Analysis And Portfoli0 Management b"Social Science Press, New Delhi"c2001 a459p cBK c7373d7373